000 01019nam a2200253 4500
005 20240530110952.0
008 221214s2022 ua a f b 00| 0 ara d
017 _a2021/30423
_bمصر. دار الكتب
020 _a9789776809673
040 _aEG-CaGPL
_cEG-CaGPL
082 0 4 _221
_a413.028
_bق/ج م
100 0 _aجلال احمد ابو بكر
245 1 0 _aمعجم الالفاظ المصرية المتوارثة فى اللغة العربية /
_cجلال احمد ابو بكر
250 _aط 1
260 _aالقاهرة :
_bالمؤسسة الدولية للكناب،
_c2022.
300 _a271 ص. :
_bايض ؛
_c24 سم.
504 _aيشتمل على ارجاعات ببليوجرافية
650 0 7 _2qrmak
_aاللغة العربية
650 0 7 _2qrmak
_aالبلاغة العربية
650 0 7 _2qrmak
_aاللغة العربية
_xالفاظ
650 0 7 _2qrmak
_aاللغة العربية
_xتاريخ
_zمصر
942 _2ddc
_cBK
999 _c67019
_d67019